|
|
|
|
| LEADER |
00000nab a2200000 a 4500 |
| 001 |
vtls000093097 |
| 003 |
SK-MaSNL |
| 005 |
20260303022302.0 |
| 008 |
111103c1981 xo 0 slo |
| 015 |
|
|
|a SNBRB19rr/mm-uuuuu
|
| 035 |
|
|
|a CL0103200
|
| 040 |
|
|
|a SNKBUCL
|b slo
|c SNKBUCL
|e AACR2
|
| 041 |
0 |
|
|a slo
|
| 044 |
|
|
|a xo
|c SK
|
| 080 |
|
|
|a 547
|2 1981
|
| 080 |
|
|
|a 541
|2 1981
|
| 100 |
1 |
|
|a Mokrý, J.
|4 aut
|9 781747
|
| 245 |
1 |
0 |
|a Termoplastická prášková polyuretánmočovina II. Stanovenie alofanát - biuretových väzieb
|c J. Mokrý, A. Ležovič, J. Střešinka
|
| 300 |
|
|
|b Obr. 1. Tb. 1.
|
| 650 |
0 |
7 |
|a polyuretánmočovina
|2 snkbucl
|9 1004101
|
| 655 |
|
7 |
|a články z novín a časopisov
|2 snkbucl
|9 267496
|
| 700 |
1 |
|
|a Ležovič, A.
|4 aut
|9 920950
|
| 700 |
1 |
|
|a Střešinka, J.
|4 aut
|9 943217
|
| 773 |
0 |
|
|t Petrochémia
|g Č. 1-2 (1981), s. 1-5
|
| 850 |
|
|
|a Slovenská národná knižnica v Martine
|a MTA001
|
| 852 |
|
|
|a SNK
|b KIS3GCP
|
| 958 |
|
|
|a RK
|
| 992 |
|
|
|a RBX
|
| 999 |
|
|
|c 1627872
|d 1629802
|